History Quiz

Random History or Politics Quiz

US Leaders - First Names Quiz Stats

 Plays Quiz Updated Mar 8, 2019

Support Sporcle.
Go Orange.
Score 0/30 Timer 05:00
4 Plays Today
Role First Name % Correct
Vice PresidentDick
96.2%
Secretary of StateHenry
94.9%
GovernorSarah
94.2%
Secretary of StateHillary
93.6%
House SpeakerNewt
91.4%
House SpeakerNancy
90.1%
MayorRudy
88.4%
Pres. candidateRalph
87.5%
FBI DirectorJ. Edgar
84.6%
Secretary of StateColin
83.8%
Secretary of StateCondoleezza
78.7%
Labor leaderJimmy
75.6%
Vice PresidentSpiro
74.5%
GovernorMichael
74.3%
Attorney GeneralJanet
73.3%
Role First Name % Correct
Civil rights leaderJesse
73%
SenatorBarry
72.6%
Fed ChairmanAlan
72%
SenatorJoseph / Eugene
64.5%
SenatorStrom
62.6%
Fed ChairmanBen
61.9%
JusticeThurgood
60.1%
Labor leaderCésar
55.8%
GovernorRod
54.4%
Civil rights leaderRosa
53.9%
House SpeakerTip
53.1%
Sec. of DefenseLeon
49.4%
JusticeSonia
44.8%
President pro temDaniel
38.2%
Chief JusticeFred
12.4%

From the Vault

Nine in Time: Authors

by Doctor_Arzt

Play quickly, or you'll be like Proust -- in search of lost time.
Remove Ads.
Support Sporcle.
Get the best of Sporcle when you Go Orange. This ad-free experience offers more features, more stats, and more fun while also helping to support Sporcle. Thank you for becoming a member.

Show Comments

Extras

Top Quizzes Today


Score Distribution

Your Account Isn't Verified!

In order to create a playlist on Sporcle, you need to verify the email address you used during registration. Go to your Sporcle Settings to finish the process.

Report this User

Report this user for behavior that violates our Community Guidelines.

Details: